000 00512cam a2200193ua 4500
001 11948
008 191204n ii |||gr||||Z||||||eng
020 _a9788183333581
040 _cMAIN
082 _a005
100 _aYashavant P. Kanetkar,
_eAuthor.
245 _aUnderstanding Pointers in C
_cBy Yashavant P. Kanetkar
250 _a4th ed.
260 _aDelhi:
_bBpb Publicationss,
_c2001.
300 _a539p.
653 _aComputer programming, programs & data
653 _aC Programming
942 _cBK
999 _c10735
_d10735